Amrita Sher-Gil : (Record no. 90038)

MARC details
000 -LEADER
fixed length control field 00683nam a22002057a 4500
005 - DATE AND TIME OF LATEST TRANSACTION
control field 20141121111045.0
010 ## - LCCN (DPL NO)
LC control number ENG-111229
020 ## - INTERNATIONAL STANDARD BOOK NUMBER
International Standard Book Number 9780198098867
Terms of availability 995.00
020 ## - INTERNATIONAL STANDARD BOOK NUMBER
International Standard Book Number 0198098863
Terms of availability 995.00
035 ## - SYSTEM CONTROL NUMBER
System control number EN-94761
037 ## - SOURCE OF ACQUISITION
Source of stock number/acquisition DBAD/PUB
082 ## - DEWEY DECIMAL CLASSIFICATION NUMBER
Classification number 759.954
245 ## - TITLE STATEMENT
Title Amrita Sher-Gil :
Statement of responsibility, etc edited by Yashodhara Dalmia
Remainder of title art and life : a reader /
260 ## - PUBLICATION, DISTRIBUTION, ETC. (IMPRINT)
Place of publication, distribution, etc New Delhi
Name of publisher, distributor, etc Oxford University Press
Date of publication, distribution, etc 2014
270 ## - ADDRESS
Address YMCA Library building, 1 Jai Singh Road
City New Delhi
Postal code 110001
300 ## - PHYSICAL DESCRIPTION
Extent xxi, 349p. :
Dimensions 22cm(pbk)
Other physical details ill.
500 ## - GENERAL NOTE
General note Includes bibliographical references and index
700 ## - ADDED ENTRY--PERSONAL NAME
Personal name Dalmia, Yashodhara
942 ## - ADDED ENTRY ELEMENTS (KOHA)
Source of classification or shelving scheme Dewey Decimal Classification
Item type English Books
Call number suffix AMR
Classification part 759.954
Holdings
Withdrawn status Lost status Not for loan Collection code Home library Current library Date acquired Source of acquisition Cost, normal purchase price Full call number Barcode Copy number Cost, replacement price Koha item type
    Not For Loan Non-fiction D.B.Act.Division D.B.Act.Division 14/11/2014 DBAD/PUB 995.00 759.954 AMR EN-94761 1 995.00 English Books

© Delhi Public Library
Hit Counter
free hit counter